Normal view
MARC view
Entry Topical Term
001 - CONTROL NUMBER
- control field: 11482
003 - CONTROL NUMBER IDENTIFIER
- control field:
005 - DATE AND TIME OF LATEST TRANSACTION
- control field: 20210121141505.0
008 - FIXED-LENGTH DATA ELEMENTS
- fixed length control field: 210121|| aca||aabn | a|a d
040 ## - CATALOGING SOURCE
- Original cataloging agency:
- Transcribing agency:
150 ## - HEADING--TOPICAL TERM
- Topical term or geographic name entry element: Childrens stories, Nigerian (English)
670 ## - SOURCE DATA FOUND
- Source citation: Work cat.: ()209: CHIAKWELU, John aut 419, The boy who locked out of the window /, 2010
